000 00411nam a2200193Ia 4500
008 151119s9999||||xx |||||||||||||| ||und||
082 _a658.8
082 _bGKKV29791
100 _aKALE N G
245 _aEXPORT MARKETING
260 _a--
260 _b--
260 _c0
600 _aKALE N G
630 _aEXPORT MARKETING
700 _aKALE N G
730 _aEXPORT MARKETING
942 _cBOOK
999 _c1082139
_d1082136